MARC

LEADER 00000nam0a2200000 4500
001 251142
005 20231101232629.0
010 |a 5796601687 
035 |a (RuTPU)RU\TPU\book\273406 
090 |a 251142 
100 |a 20140219d1989 k y0rusy50 ca 
101 0 |a rus 
102 |a LV 
105 |a a z 001zy 
200 1 |a Разработка и применение автоматизированных обучающих систем на базе ЭВМ  |f Л. В. Зайцева, Л. П. Новицкий, В. А. Грибкова  |g Рижский политехнический институт 
210 |a Рига  |c Зинатне  |d 1989 
215 |a 174 с.  |c ил. 
320 |a Библиогр.: с. 166-172. 
606 1 |a Программированное обучение  |x В высшей школе  |2 stltpush  |3 (RuTPU)RU\TPU\subj\51797  |9 70360 
610 1 |a автоматизированные обучающие системы 
610 1 |a ЭВМ 
610 1 |a разработка 
610 1 |a применение 
610 1 |a АОС 
610 1 |a учебные курсы 
610 1 |a диалог 
610 1 |a успеваемость 
610 1 |a интеллектуальные системы 
686 |a Ч481.23  |2 rubbk 
700 1 |a Зайцева  |b Л. В.  |g Лариса Васильевна 
701 1 |a Новицкий  |b Л. П.  |g Леонид Павлович 
701 1 |a Грибкова  |b В. А.  |g Валентина Анатольевна 
712 0 2 |a Рижский политехнический институт  |2 stltpush  |3 (RuTPU)RU\TPU\col\7561  |9 24345 
801 1 |a RU  |b 63413507  |c 20140219 
801 2 |a RU  |b 63413507  |c 20140312  |g RCR 
942 |c BK